000 00289nam a22001337a 4500
003 SGT
082 _a370
_bF01S
100 _aSOMAL, NEETA
245 _aFUTURE CONSCIOUSNESS IN TEACHERS
260 _aNEW DELHI
_bINDIAN PUB
_c2001
300 _a107
650 _aEDUCATION
942 _2ddc
_cBK
999 _c12596
_d12596